| 000 | 00589am aa2200217 44500 | ||
|---|---|---|---|
| 999 |
_c65731 _d65728 |
||
| 003 | PK-NaQUE | ||
| 005 | 20250612171152.0 | ||
| 008 | 250612b ||||| |||| 00| 0 eng d | ||
| 020 | _a0070231621 | ||
| 020 | _a978-0070231627 | ||
| 040 | _cQUEST | ||
| 082 | _a621.384GIB | ||
| 100 | 1 | _aGibbons, James F. | |
| 245 | 1 | 0 | _aSemiconductor Electronics / |
| 260 |
_aNew York, _bMcGraw-Hill, _c1966. |
||
| 300 |
_a837 p. : _billus. ; |
||
| 650 | 0 | _aElectron tubes. | |
| 650 | 0 | _aSemiconductors. | |
| 856 |
_uhttp://10.10.170.122:8080/browse/book/27549 _yDownload eBook |
||
| 942 |
_cBK _2ddc |
||